| 000 | 02090nam a2200409 i 4500 | ||
|---|---|---|---|
| 001 | ebr10803645 | ||
| 003 | CaPaEBR | ||
| 006 | m o d | ||
| 007 | cr cn||||||||| | ||
| 008 | 130809t20132013miua obk 001 0 eng|d | ||
| 020 | _z9780472072095 (cloth : alk. paper) | ||
| 020 | _z9780472052097 (pbk. : alk. paper) | ||
| 020 | _a9780472120048 (e-book) | ||
| 040 |
_aCaPaEBR _beng _erda _epn _cCaPaEBR |
||
| 050 | 1 | 4 |
_aML3470 _b.M44 2013eb |
| 082 | 0 | 4 |
_a781.64087 _223 |
| 100 | 1 |
_aMcKay, George, _d1960- |
|
| 245 | 1 | 0 |
_aShakin' all over : _bpopular music and disability / _cGeorge McKay. |
| 264 | 1 |
_aAnn Arbor : _bUniversity of Michigan Press, _c[2013] |
|
| 264 | 4 | _c�2013 | |
| 300 |
_a1 online resource (243 pages) : _billustrations. |
||
| 336 |
_atext _2rdacontent |
||
| 337 |
_acomputer _2rdamedia |
||
| 338 |
_aonline resource _2rdacarrier |
||
| 440 | 0 | _aCorporealities | |
| 490 | 0 | _aCorporealities. Discourses of disability | |
| 504 | _aIncludes bibliographical references and index. | ||
| 505 | 0 | _a"Crippled with nerves" : polio survivors in popular music -- Vox crippus : voicing the disabled body -- Corpus crippus : performing disability in pop and rock -- Johnnie-be-deaf : one hearing-impaired star, and popular music as a disabling (deafening) culture -- Crippin' the light fandango : an industry that kills and maddens, and campaigns. | |
| 588 | _aDescription based on print version record. | ||
| 590 | _aElectronic reproduction. Palo Alto, Calif. : ebrary, 2013. Available via World Wide Web. Access may be limited to ebrary affiliated libraries. | ||
| 650 | 0 | _aDisabilities and popular music. | |
| 650 | 0 | _aMusicians with disabilities. | |
| 655 | 0 | _aElectronic books. | |
| 776 | 0 | 8 |
_iPrint version: _aMcKay, George. _tShakin' all over : popular music and disability. _dAnn Arbor : University of Michigan Press, [2013] _hx, 230 pages ; 24 cm. _kCorporealities _z9780472052097 _w(DLC) 2013028357 |
| 797 | 2 | _aebrary. | |
| 856 | 4 | 0 |
_uhttp://site.ebrary.com/lib/rucke/Doc?id=10803645 _zAn electronic book accessible through the World Wide Web; click to view |
| 999 |
_c143948 _d143948 |
||